00676nam a22001817a 4500003000400000020001800004082001900022100002300041245005300064250001300117260005300130300000800183650004000191942001200231952011700243952011700360999001700477SGT a9788181915665 a617.6342bT24M aMeshram, Priyatama aTextbook of Conservative & Restorative Dentistry a1st Ed.  aNew Delhi, IndiabParas Medical Publishersc2024 a508 aConservative Dentistry; Endodontics 2ddccBK 00102ddc405171aFDbFDcREFd2025-08-19iSGTUl0o617.6342 T24MpFD9720r2025-08-19 00:00:00w2025-08-19yBK 00102ddc405171aFDbFDcREFd2025-08-19iSGTUl0o617.6342 T24MpFD9721r2025-08-19 00:00:00w2025-08-19yBK c32250d32250